Pío XII frente al mundo actual / (Record no. 65109)

MARC details
000 -LEADER
campo de control de longitud fija 00715nam a2200205 i 4500
001 - NÚMERO DE CONTROL
campo de control 65109
003 - IDENTIFICADOR DE NÚMERO DE CONTROL
campo de control ES-MaACL
007 - CAMPO FIJO DE DESCRIPCIÓN FÍSICA--INFORMACIÓN GENERAL
campo de control de longitud fija t|
008 - DATOS DE LONGITUD FIJA--INFORMACIÓN GENERAL
campo de control de longitud fija 040108s1958 sp ||||1| spa d
100 1# - ENTRADA PRINCIPAL--NOMBRE DE PERSONA
Nombre de persona Fraigneux, Maurice.
9 (RLIN) 52097
245 10 - MENCIÓN DEL TÍTULO
Título Pío XII frente al mundo actual /
Mención de responsabilidad, etc. Maurice Fraigneux ; [traducción del francés por A.A. de Linera ; prólogo Andrés-Avelino Esteban Romero].
260 ## - PUBLICACIÓN, DISTRIBUCIÓN, ETC.
Lugar de publicación, distribución, etc. Madrid :
Nombre del editor, distribuidor, etc. Atenas,
Fecha de publicación, distribución, etc. [1958] (
Fabricante A.G. Benzal)
300 ## - DESCRIPCIÓN FÍSICA
Extensión 199 p. ;
Dimensiones 22 cm.
490 1# - MENCIÓN DE SERIE
Mención de serie Frente a frente ;
Designación de volumen o secuencia 1
700 1# - ENTRADA AGREGADA--NOMBRE PERSONAL
Nombre de persona Linera, A. A. de.
9 (RLIN) 72429
700 1# - ENTRADA AGREGADA--NOMBRE PERSONAL
Nombre de persona Esteban Romero, Andrés-Avelino.
9 (RLIN) 48072
830 0# - PUNTO DE ACCESO ADICIONAL DE SERIE-TÍTULO UNIFORME
Título uniforme Frente a frente ;
Designación de volumen o secuencia 1
9 (RLIN) 182947
852 ## - LOCALIZACIÓN
Ubicación ES-MaACL
Número de control de estantería E-4724
Sublocalización o colección R.42698
Holdings
Estatus retirado Estado de pérdida Estado de daño No para préstamo Biblioteca de origen Biblioteca actual Ubicación en estantería Fecha de adquisición Fuente de adquisición Total de préstamos Signatura topográfica completa Código de barras Visto por última vez Precio de reemplazo Tipo de ítem Koha
        Biblioteca del Ateneo de Madrid Biblioteca del Ateneo de Madrid Depósito 2 17/01/2008     E-4724 1068218 23/02/2023 23/02/2023 Libro impreso